60.výročie Stavebnej fakulty STU v Bratislave.Sekcia:Matematika a fyzika : Zborník vedeckých prác.Bratislava,SR,18.-20.11.1998

Gespeichert in:
Bibliographische Detailangaben
Format: Buch
Sprache:Slowakisch
Englisch
Veröffentlicht: Bratislava : STU v Bratislave, 1998
Tags: Tag hinzufügen
Keine Tags, Fügen Sie das erste Tag hinzu!

MARC

LEADER 00000nam a22000003a 4500
001 stu51135
005 20150408162223.8
008 991129s1998----xo------------------slo-d
020 |a 80-227-1135-7 
040 |a STU  |b slo 
041 0 |a slo  |a eng 
044 |a xo 
080 |a 535.3 
080 |a 512  |7 stu_us_auth*stu7982 
080 |a 624.131.6 
080 |a 624.01 
080 |a 061.3(437.6) 
245 |a 60.výročie Stavebnej fakulty STU v Bratislave.Sekcia:Matematika a fyzika :  |b Zborník vedeckých prác.Bratislava,SR,18.-20.11.1998 
260 |a Bratislava :  |b STU v Bratislave,  |c 1998 
300 |a 233 s.,obr.,tab.,schémy 
996 |b 284V031738  |c V*1805/sc-12  |l VVT  |s A  |a 24  |w stu51135_0001 
996 |b 284V040513  |c V*1239/sc-99  |l VVT  |s A  |a 24  |w stu51135_0002